000 00767cas a2200277 a 4500
001 11137975
005 20180206083817.0
008 791221d19251925gw uu 0 0ger
010 _a 25011086
_zsn 86026109
035 _a(OCoLC)ocm05821542
040 _aDLC
_beng
_cCIN
_dIUL
_dDLC
_dOCLCQ
_dOCLCF
_dIUL
_dOCL
041 _aeng
042 _apcc
_apremarc
080 _a78
100 _a45 will
101 _amus
245 0 0 _aVon neuer Musik.
362 0 _a1925.
504 _aIncludes section, "Versuch einer Bibliographie über neue Musik."
515 _aNo more published.
590 _aSERBIB/SERLOC merged record
648 7 _a1900-1999
_2fast
906 _a7
_bcbc
_cserials
_du
_encip
_f19
_gn-oclcserc
942 _2ddc
_cBK
999 _c41940
_d41940